Fr. Conceicao Rodrigues College of Engineering

Introduction to Machine Learning (Record no. 21691)

MARC details
000 -LEADER
fixed length control field 00379nam a2200169Ia 4500
082 ## - DEWEY DECIMAL CLASSIFICATION NUMBER
Item number ALP
100 ## - MAIN ENTRY--PERSONAL NAME
Personal name Alpaydin/Ethem
245 ## - TITLE STATEMENT
Title Introduction to Machine Learning
260 ## - PUBLICATION, DISTRIBUTION, ETC.
Name of publisher, distributor, etc. Prentice -Hall of India
Date of publication, distribution, etc. 2010
366 ## - TRADE AVAILABILITY INFORMATION
Publishers's discount category 25
300 ## - PHYSICAL DESCRIPTION
Extent 537
546 ## - LANGUAGE NOTE
Language note ENGLISH
-- Computers
650 ## - SUBJECT ADDED ENTRY--TOPICAL TERM
Topical term or geographic name entry element Machine learning
654 ## - SUBJECT ADDED ENTRY--FACETED TOPICAL TERMS
Focus term machine learning
942 ## - ADDED ENTRY ELEMENTS (KOHA)
Koha item type BOOK
Holdings
Withdrawn status Lost status Damaged status Not for loan Collection Home library Current library Date acquired Source of acquisition Cost, normal purchase price Inventory number Total Checkouts Full call number Barcode Date last seen Cost, replacement price Price effective from Koha item type Date last checked out
        CRC Fr. Agnel's C.Rodrigues College of Engineering AGNEL TECHNICAL COLLEGE LIBRARY 17/03/2023 Allied Publishers 393.75 2260 dt 11/12/2012   ALP 22405 20/01/2024 525.00   BOOK  
        CRC Fr. Agnel's C.Rodrigues College of Engineering AGNEL TECHNICAL COLLEGE LIBRARY 17/03/2023 Allied Publishers 393.75 2260 dt 11/12/2012 2 ALP 22409 09/05/2025 525.00   BOOK 07/01/2025
        CRC Fr. Agnel's C.Rodrigues College of Engineering Fr. Agnel's C.Rodrigues College of Engineering 17/03/2023 Allied Publishers 393.75 2260 dt 11/12/2012   ALP 22406 17/03/2023 525.00   BOOK  
        CRC Fr. Agnel's C.Rodrigues College of Engineering Fr. Agnel's C.Rodrigues College of Engineering 17/03/2023 Allied Publishers 393.75 2260 dt 11/12/2012   ALP 22407 17/03/2023 525.00   BOOK  
        CRC Fr. Agnel's C.Rodrigues College of Engineering Fr. Agnel's C.Rodrigues College of Engineering 17/03/2023 Allied Publishers 393.75 2260 dt 11/12/2012 1 ALP 22408 10/10/2024 525.00   BOOK 12/06/2023